| 000 | 01147cam a22002774a 4500 | ||
|---|---|---|---|
| 001 | gs 51000247 | ||
| 003 | DLC | ||
| 005 | 20260227111358.0 | ||
| 008 | 890929s1950 dk af b 000 0 eng c | ||
| 010 | _ags 51000247 | ||
| 035 | _a(OCoLC)20414076 | ||
| 040 |
_aU.S. Geol. Survey. Libr. _cCU _dCU _dDLC |
||
| 042 | _apremarc | ||
| 050 | 0 | 0 |
_aQE278 _b.D43a vol. 3, no. 7 |
| 051 |
_aQE772 _b.B5 _cCopy 3. |
||
| 082 | _a563.12 | ||
| 100 | 1 | _aBirket-Smith, Jørgen. | |
| 245 | 1 | 0 |
_aSerial sections of small fossils : _ba new method / _cby Jørgen Birket-Smith. |
| 260 |
_aKøbenhavn : _bI kommission hos C.A. Reitzel, _c1950. |
||
| 300 |
_a32 p., [1] leaf of plates : _bill., fold. table ; _c24 cm. |
||
| 440 | 0 |
_aDanmarks geologiske undersøgelse (Series). _nIV. række ; _vbd. 3, nr. 7 |
|
| 501 |
_aQE278.D43a vol. 3, no. 7 with: Fund af urokse (Bos taurus urus L.) i Grænge Mose paa Lolland / Alfred Andersen og Kjeld Møller. København : I kommission hos C.A. Reitzels forlag, 1946. Bound together subsequent to publication. _5DLC |
||
| 504 | _aBibliography: p. [29]-30. | ||
| 650 | 0 | _aForaminifera, Fossil. | |
| 650 | 0 | _aMicropaleontology. | |
| 999 |
_c28580 _d28580 |
||